[Event "POL-chT U20 2nd League"]
[Site "Sypniewo"]
[Date "2025.06.24"]
[Round "7.105"]
[White "Penar, Mateusz"]
[Black "Bogdanowicz, Hubert"]
[Result "0-1"]
[WhiteElo "1491"]
[BlackElo "1490"]
[PlyCount "120"]
[EventDate "2025.06.18"]
[EventType "team-swiss"]
[EventRounds "9"]
[EventCountry "POL"]
[SourceTitle "CB27_2025"]
[SourceDate "2025.07.02"]
[SourceVersion "1"]
[SourceVersionDate "2025.07.02"]
[SourceQuality "1"]
[WhiteTeam "Krosno Urania"]
[BlackTeam "Gubina CC"]
[WhiteTeamCountry "POL"]
[BlackTeamCountry "POL"]

1. d4 d5 2. Nf3 Nf6 3. Bf4 Bf5 4. e3 e6 5. Nbd2 Nbd7 6. c3 c6 7. Be2 Be7 8. Nf1 0-0 9. Ng3 Bg6 10. h4 h6 11. Bd3 Bxd3 12. Qxd3 Qb6 13. Qc2 c5 14. Ne2 Rfe8 15. Ne5 Nxe5 16. dxe5 Nd7 17. g4 Nf8 18. h5 Nh7 19. 0-0-0 Red8 20. Bg3 Rd7 21. f4 f6 22. f5 Rad8 23. Qd3 c4 24. Qd4 Bc5 25. fxe6 Bxd4 26. exd7 Bxe3+ 27. Kc2 Rxd7 28. Nd4 Bxd4 29. Rxd4 Ng5 30. Rf1 Qe6 31. Rf5 fxe5 32. Rxe5 Qxe5 33. Bxe5 Nf3 34. Bb8 Nxd4+ 35. cxd4 a6 36. Kc3 Kf7 37. Be5 g6 38. b3 cxb3 39. axb3 gxh5 40. gxh5 Ke6 41. Bf4 Rh7 42. Kb4 Kf5 43. Bd2 b6 44. Kc3 Kg4 45. b4 b5 46. Kd3 Kxh5 47. Ke2 Kg4 48. Kf2 h5 49. Be1 Rc7 50. Ke3 h4 51. Bxh4 Kxh4 52. Kf4 Rc4 53. Ke5 Rxb4 54. Kxd5 Kg5 55. Ke5 Kg6 56. d5 Kf7 57. Kd6 Rd4 58. Kc5 Rd1 59. Kb6 Rxd5 60. Kxa6 b4 0-1

[Event "POL-chT U20 2nd League"]
[Site "Sypniewo"]
[Date "2025.06.20"]
[Round "3.111"]
[White "Karnowka, Kacper"]
[Black "Bogdanowicz, Hubert"]
[Result "1/2-1/2"]
[WhiteElo "1461"]
[BlackElo "1490"]
[PlyCount "120"]
[EventDate "2025.06.18"]
[EventType "team-swiss"]
[EventRounds "9"]
[EventCountry "POL"]
[SourceTitle "CB27_2025"]
[SourceDate "2025.07.02"]
[SourceVersion "1"]
[SourceVersionDate "2025.07.02"]
[SourceQuality "1"]
[WhiteTeam "Ciepłownia Rydułtowy II"]
[BlackTeam "Gubina CC"]
[WhiteTeamCountry "POL"]
[BlackTeamCountry "POL"]

1. e4 c5 2. c3 d5 3. exd5 Qxd5 4. d4 e6 5. Nf3 Nf6 6. Na3 Nc6 7. Nb5 Qd7 8. Bf4 Nd5 9. Bg3 a6 10. Qa4 Nb6 11. Qb3 axb5 12. dxc5 Bxc5 13. Rd1 Qe7 14. Bxb5 Bd7 15. Ne5 Nxe5 16. Bxe5 f6 17. Bxd7+ Nxd7 18. Qxb7 Nb6 19. Qc6+ Kf7 20. Bd6 Bxd6 21. Rxd6 Rad8 22. Rxd8 Qxd8 23. Ke2 Qb8 24. Rd1 Rc8 25. Qb5 Rc7 26. a4 Re7 27. b4 Nd7 28. Qxb8 Nxb8 29. c4 Na6 30. b5 Nc5 31. a5 Rb7 32. a6 Ra7 33. Ra1 Ra8 34. a7 Nd7 35. Kd3 Ke7 36. Kd4 Kd6 37. Ra6+ Kc7 38. Rxe6 Rxa7 39. Re7 Ra4 40. Rxg7 Kd6 41. Rf7 Rxc4+ 42. Kxc4 Ne5+ 43. Kd4 Nxf7 44. f4 f5 45. h3 Nd8 46. g4 Ne6+ 47. Ke3 fxg4 48. hxg4 Nc5 49. Kd4 Nb7 50. b6 Nd8 51. f5 Nf7 52. b7 Kc7 53. Kd5 Kxb7 54. Ke6 Ng5+ 55. Kf6 Ne4+ 56. Kg7 Kc6 57. Kxh7 Nf6+ 58. Kg6 Nxg4 59. Kg5 Ne5 60. f6 Kd6 1/2-1/2